Diaspora asiatique - Top 10 des pays - Statistiques

Statistiques générales
  • Ce quiz a été pris 1 401 fois
    1 399 depuis la dernière actualisation
  • Le résultat moyen est 7 sur 10
Statistiques - réponses
# % Pays % Correct
18 mil 5,6 Etats-Unis
99%
3.6 mil 10 Canada
95%
4.2 mil 6,5 Royaume-Uni
88%
2.3 mil 1,1 Brésil
85%
3.9 mil 4,7 Allemagne
84%
1.9 mil 8 Australie
80%
2.5 mil 6 Argentine
70%
1.7 mil 3,4 Colombie
56%
2.2 mil 7 Pérou
52%
1.9 mil 6 Venezuela
39%
Aucun quiz correspondant
Distribution des résultats
% des personnes avec chaque résultat
Percentile par nombre de réponses
Votre historique - résultats
Vous n’avez pas pris ce quiz depuis la dernière actualisation